Normal view
MARC view
- Siyal, Dr Umar Hayat Asim
Entry Personal Name
001 - CONTROL NUMBER
- control field: 51126
003 - CONTROL NUMBER IDENTIFIER
- control field: NUST
005 - DATE AND TIME OF LATEST TRANSACTION
- control field: 20210314134920.0
008 - FIXED-LENGTH DATA ELEMENTS
- fixed length control field: 210314|| aca||aabn | a|a d
040 ## - CATALOGING SOURCE
- Original cataloging agency: NUST
- Transcribing agency: NUST
100 ## - HEADING--PERSONAL NAME
- Personal name: Siyal, Dr Umar Hayat Asim
670 ## - SOURCE DATA FOUND
- Source citation: Work cat.: (NUST): Siyal, Dr Umar Hayat Asim, ہندو مت اسلا م اور پا کستا ن, 2008.
